000 00859nam a2200253 a 4500
001 000023318
005 20200930022133.0
008 101202s1976 sp 000 | spa d
020 _a8427004087
040 _aDO-SdBNP
_bspa
_cBNPHU
041 1 7 _aspa
_heng
_2Código de idioma MARC
082 _a158.125
_bW582q
100 1 _aWhite, John,
_948020
240 1 0 _aEverything you want to know about TM.
_lEspañol.
245 1 0 _a¿Qué es TM? :
_bmeditación trascendental /
_cJohn Warren White ; traducción de Esteban Serra.
260 _aBarcelona :
_bMartínez Roca,
_c1976.
300 _a168 p. ;
_c22 cm.
534 _aTítulo original :
_tEverything you want to know about TM.
650 4 _aMeditación
_9687
650 4 _aConciencia (psicología)
_940850
650 4 _aContemplación
_948021
700 1 _aSerra, Esteban,
_etr.
_948022
049 _aBNGR
999 _c22815
_d22815